| 000 | 00757nam a2200229Ii 4500 | ||
|---|---|---|---|
| 003 | JO-AjNU | ||
| 008 | 230605s9999||||xx |||||||||||||| ||und|| | ||
| 017 | _a1977/4647 | ||
| 020 | _a977-7259-51-4 | ||
| 040 |
_aJO-AjNU _bara _erda _cJO-AjNU |
||
| 041 | _aara | ||
| 050 | 1 | 4 | _aHM251 .Z2 1977 |
| 100 | 3 |
_aتأليف زهران، حامد عبد السلام, _eauthor _935441 |
|
| 245 | 0 | 0 | _aعلم النفس الاجتماعي |
| 250 | _aط4 | ||
| 264 | 3 | 1 | _aالقاهرة: عالم الكتب،1977 |
| 300 |
_a390ص _bيحتوي على ببلوغرافية من 371-390ص |
||
| 336 |
_atext _btxt _2rdacontent |
||
| 337 |
_aunmediated _bn _2rdamedia |
||
| 338 |
_avolume _bnc _2rdacarrier |
||
| 650 | 4 |
_aعلم النفس الاجتماعي _935442 |
|
| 999 |
_aA14633 _c18201 _d18201 |
||